Countries With The Most Positive Opinion On Italy - Statistics

General Stats
  • This quiz has been taken 69 times
  • The average score is 27 of 35
Answer Stats
% Country % Correct
55 France
98%
65 United Kingdom
98%
75 United States
98%
85 Spain
96%
83 Portugal
95%
71 Australia
91%
71 Canada
91%
65 Switzerland
89%
89 Argentina
87%
73 Germany
87%
69 Greece
87%
88 Brazil
84%
62 Mexico
84%
56 Austria
82%
61 Japan
82%
62 Netherlands
82%
76 Sweden
82%
85 Croatia
80%
79 Ireland
80%
82 Slovenia
80%
61 Chile
78%
60 Peru
75%
63 South Korea
75%
68 Colombia
73%
69 Poland
73%
84 Albania
69%
85 Uruguay
69%
82 Ukraine
67%
93 Romania
65%
66 Paraguay
64%
53 Venezuela
64%
80 Bulgaria
62%
59 India
56%
58 Moldova
33%
58 South Africa
27%
No matching quizzes found
Score Distribution
Percent of People with Each Score
Percentile by Number Answered
Your Score History
You have not taken this quiz